| 000 | 00000nam##2200000za#4500 |
| 001 | 9.676057 |
| 003 | CaOODSP |
| 005 | 20210624225610 |
| 007 | cr ||||||||||| |
| 008 | 150407|1993||||xxc|||||o f|0| 0 eng|d |
| 040 | |aCaOODSP|beng |
| 041 | |aeng |
| 041 | |afre |
| 043 | |an-cn--- |
| 086 | 1 |aCS93-309/1993-PDF |
| 245 | 00|aPlace name lists - Western Provinces and the Territories |h[electronic resource] |
| 246 | 1 |iSeries title also given on publication as : |aPopulation and dwelling counts |
| 260 | |aOttawa - Ontario : |bStatistics Canada |c1993. |
| 500 | |aHistorical census publication digitized by Statistics Canada. |
| 590 | |a13-04-Supp|b2013-02-13 |
| 690 | 07|aCensus|2gcpds |
| 690 | 07|aToponymy|2gcpds |
| 710 | 2 |aStatistics Canada. |
| 792 | |tListes des noms de localité - Provinces de l'Ouest et territoires |efre|w(CaOODSP)9.676058 |
| 856 | 40|ahttp://publications.gc.ca|qPDF|s13.5 MB|uhttps://publications.gc.ca/collections/collection_2013/statcan/rh-hc/CS93-309-1993.pdf |